| 000 | 01773nam a22002897a 4500 | ||
|---|---|---|---|
| 005 | 20180821150212.0 | ||
| 008 | 140429n fr ||||fr|||| 001 f fre d | ||
| 040 |
_cSandra Yazo _dSandra Yazo |
||
| 041 | 0 | _afre | |
| 082 | 0 | 4 |
_2843.3 _a20 |
| 092 | _aE47N014 | ||
| 100 | 1 |
_aBourget, Paul _d1852-1935 _960359 |
|
| 242 | 0 | 0 |
_aUltramar _bNotas sobre América _cPablo Bourget _yspa |
| 245 | 1 | 0 |
_aOutre-Mer _bNotes sur l’ Amérique _cPaul Bourget |
| 250 | _aÉdition définitive [Edición definitiva] | ||
| 260 |
_aParís (Francia) _bLibrairie Plon ; Plon-Nourrit et Cie. [Librería Plon ; Plon-Nourrit y Compañía] _c[fecha desconocida] |
||
| 300 |
_a2 volúmenes (iv, 311 ; 329 páginas) _c18 x 12 cm |
||
| 500 | _aDetalles físicos: Encuadernación rígida (holandesa) en cartón forrado en papel jaspeado. Lomo de tela texturizada, con letras y líneas decorativas en dorado. Guardas. Anteportada. Portada impresa en una sola tinta: grabado con marca tipográfica del editor-impresor. Texto impreso en una sola columna. Índice. Papel manchado con oxidación. Tapas con residuos de cinta pegante. Portada con sello de tinta. | ||
| 505 | 0 | _aV.1: Dedicatoria ; En el mar ; La primera semana ; La sociedad: una ciudad de veraneo ; La sociedad: Las mujeres y las jovencitas ; Personajes de negocios ; Las clases bajas: los obreros -- V.2: Las clases bajas: granjeros y vaqueros ; La educación ; Los placeres americanos ; En el Sur: Georgia y Florida ; El regreso | |
| 506 | _aConsulta en sala | ||
| 546 | _aTexto en francés | ||
| 650 | 7 |
_97794 _aLiteratura francesa |
|
| 650 | 7 |
_920506 _aNovela francesa _ySiglo XIX - XX |
|
| 650 | 7 |
_923490 _aRelatos de viajes _zAmerica |
|
| 690 |
_aLiteratura europea _926524 |
||
| 942 |
_cLIBRO _e1 _2LOCAL _hE47N014 |
||
| 999 |
_c310442 _d310442 |
||